000 00259nam a22001217a 4500
008 181015b xxu||||| |||| 00| 0 eng d
041 _aeng
080 _a330
100 _a58
101 _aBIZ
245 _aModern Capitalism
_cShonfield,A
942 _2udc
_cBK
999 _c49704
_d49704